000
00338nam a2200157Ia 4500
005
20251020182615.0
008
200515s9999 xx 000 0 und d
082
_a
SC/691.624/F97
110
_a
Furukawa
245
0
_a
Vidrios y cristales
260
_a
Lima
260
_c
s.a.
650
_a
CRISTALES
650
_a
VIDRIO
942
_c
LIB
999
_c
3461
_d
3461